| 000 | 01001nam a2200241Ia 4500 | ||
|---|---|---|---|
| 999 |
_c52980 _d52980 |
||
| 001 | 20011 | ||
| 003 | GE_BSU | ||
| 005 | 20200529163558.0 | ||
| 008 | 181216s1974||||ge |||||||||||||| ||geo|| | ||
| 040 | _cGE_BSU | ||
| 041 | _ageo | ||
| 080 | _a81'374(038)=353.1'28 ძ-77 | ||
| 100 |
_aძოწენიძე, ქეთევან _98260 |
||
| 245 |
_aზემოიმერული ლექსიკონი / _cქეთევან ძოწენიძე ; რედ. არნ. ჩიქობავა, მ. ალვაიძე. |
||
| 264 |
_aთბილისი : _bგანათლება, _c1974. |
||
| 300 |
_a645 გვ. ; _c22 სმ. |
||
| 541 | _h4ლ. | ||
| 653 | _aზემოიმერული ლექსიკონი | ||
| 653 | _aქართული ენა | ||
| 700 |
_aჩიქობავა, არნ. _eრედაქტორი _97708 |
||
| 700 |
_aალვაიძე, მ. _eრედაქტორი _98261 |
||
| 942 |
_cBK _2udc |
||